| 000 | 00664ngm a2200181 a 4500 | ||
|---|---|---|---|
| 005 | 20250621063843.0 | ||
| 008 | 991125s1970 mx 020 d daspa u | ||
| 035 | _aUPN01000001157 | ||
| 049 | _aAV | ||
| 099 | _aPVI H 0035 | ||
| 245 | 0 | 0 | _aAgarrando el hilo. |
| 260 |
_aMéxico : _bPelículas Mel, _c[197?]. |
||
| 300 |
_a1 videocasete (VHS) (20 min.) : _bson., col. |
||
| 500 | _a"Aprendiendo a aprender" | ||
| 520 | _aUna persona tiene problemas para retener sus empleos por falta de atención por lo cual pide consejos, de esta manera aprende a aprender y su futuro se vuelve muy brillante | ||
| 650 | 2 |
_aAprendizaje de adultos _97608 |
|
| 905 | _aAudiovisuales | ||
| 999 |
_c1157 _d1157 |
||